00520 a2200145 4500020001800000050002100018100002600039245011700065264006100182300001100243500004000254650002400294700002700318700002900345 a9781898326496 aTJ 1193 NAI 2007 aNaidich, Yu Veauthor aStrength of the diamond-metal interface and brazing of diamond /cYu V Naidich, V.P. Umanskii and I A Lavrineiko aU.K.:bCambridge International Science Publishing,c2007 a160p.: aIncludes bibliographical references achemical processing aUmanskii, V.P.eauthor aLavrinenko, I.A.eauthor